000 00336nam a2200133Ia 4500
008 220613s9999||||xx |||||||||||||| ||und||
100 _aSALLY L LAGERQUST
245 0 _aPEDIATRICS CARE CONTENT AT-A-GLANCE INCLUDS STUDY AND MEMORY AIDS
250 _a1ST
260 _bLIPPINCOTT
300 _a259
650 _aPediatric
942 _cMEDI
999 _c7898
_d7898